00785nam a2200241Ia 450000100060000000300090000600800410001504000130005604000130006904100130008210000190009510000290011424500840014324500690022725000110029626000090030726000110031626000490032730000570037650000440043365000350047765000310051212440IT-RoPAU130308s9999 xx 000 0 und d aIT-RoPAU cIT-RoPAU aITALIANO aGrossi Giorgio gCodice Aut. SPICS: 11694 a"Immagini del sindacato e vertenza Fiat: ""ogni volta si comincia da capo...""" bPrivato 1980-Le politiche delle comunicazioni di Massa in Italia a1a ed. aROMA bLavoro c1981 [1° Ed.:1981 - Ed.Ling.Originale:1981] a"10 p. (prefazione: no ; testo: 10 [pagine: 27-36])" aTrattare Attraverso l'opinione Pubblica aSAGGI DI COMUNICAZIONE SOCIALE eCodice materia Spics: 3807